How to solve it: a new aspect of mathematical method
Wedi'i Gadw mewn:
| Prif Awdur: | |
|---|---|
| Fformat: | Llyfr |
| Iaith: | Saesneg |
| Cyhoeddwyd: |
Princeton
Princeton University
1957
|
| Rhifyn: | 2a. ed |
| Pynciau: | |
| Tagiau: |
Ychwanegu Tag
Dim Tagiau, Byddwch y cyntaf i dagio'r cofnod hwn!
|
MARC
| LEADER | 00000cam a2200000 a 4500 | ||
|---|---|---|---|
| 001 | UCU3135 | ||
| 003 | CL-VaPUC | ||
| 005 | 20240902144225.0 | ||
| 008 | 960502e19570000us |||||||||||||||||eng|d | ||
| 999 | |c 247237 |d 247235 | ||
| 040 | |c Pontificia Universidad Católica de Valparaíso | ||
| 082 | 0 | 4 | |a 510.7 |b POL |2 21 |
| 100 | 0 | |a Pólya, George |e author |9 359879 | |
| 245 | 1 | 0 | |a How to solve it: a new aspect of mathematical method |
| 250 | |a 2a. ed | ||
| 260 | |a Princeton |b Princeton University |c 1957 | ||
| 300 | |a 253 p | ||
| 583 | |a last modification |c 20150423 05:44:42 |k Rodrigo Vera | ||
| 600 | 0 | |a Descartes, René |e autor |9 265906 | |
| 600 | 0 | 7 | |a Leibniz, Gottfried Wilhelm |d 1646-1716 |9 860284 |
| 650 | 0 | |a Matemáticas |x Enseñanza |9 875527 | |
| 650 | 0 | |a Lógica matemática |9 262442 | |
| 650 | 0 | |a Teoría de números |9 265327 | |
| 942 | |c BK |2 ddc | ||
| 945 | |d 19960502 00:00:00 |a paguirre | ||
| 952 | |0 0 |1 0 |4 0 |6 510_700000000000000_POL_1957 |7 0 |8 A |9 262942 |a BIBING |b BIBING |d 2019-11-19 |i 165280K |o 510.7 POL 1957 |p 165280K |r 2025-01-20 |w 2019-11-19 |y BK |k ING | ||
| 952 | |0 0 |1 0 |4 0 |6 510_700000000000000_POL_1957 |7 0 |8 A |9 262943 |a BIBMAT |b BIBMAT |d 2019-11-19 |i 1491555 |o 510.7 POL 1957 |p 1491555 |r 2025-01-07 |w 2019-11-19 |y BK |k MAT | ||
| 952 | |0 0 |1 0 |4 0 |6 510_700000000000000_POL_1957 |7 0 |8 A |9 262944 |a BIBMAT |b BIBMAT |d 2019-11-19 |i 4489691 |o 510.7 POL 1957 |p 4489691 |r 2025-01-07 |w 2019-11-19 |y BK |k MAT | ||